01715cam a22003374i 4500003000900000005001700009008004100026035001900067040003300086082001900119100003200138245007000170264004600240300003800286336002100324337002500345338002300370505084100393526001001234526001001244526001001254526001001264526000801274526000801282526000801290526000801298526000801306526000801314526000801322650004701330PE-LiUPU20250731173123.0150623s1981 nyu r 000 0 eng d a(Sirsi) a25769 aPE-LiUPUbspacPE-LiUPUerda04a270.9bD372211 aDeanesly, Margaret,eautor.12aA history of the medieval church 590 - 1500 /cMargaret Deanesly. 1aNew York :bMethuen, New York, NY,c1981. a283 páginas ;c19 centímetros atext2rdacontent aunmediated2rdamedia avolume2rdacarrier0 aFrom the council of chalcedon to Gregory the great 451-590 -- Gregory the great 590-604 -- The secular and monastic clergy 600 - 750 -- The missionaries: Augustine -- Aidan, Willibrord, Boniface -- The carolingian revaissance and the church -- Relations of eastern and western churches till 1054 -- The growth of papal power, 604-1073. Cluny: Hildebrand: investitures -- The crusades and their effect on the church -- Twelfth century monasticsm: cistercians: Carthusians: Austin canons -- The twelfth century renaissance: canon law -- Innocent III -- The friars -- The scholastic philosophy: S -- Thomas Aquinas -- The avignon popes: the curia: and schism -- The fourteenth century diocese and parish in england -- Schools: hospitals: anchorages -- Medieval heresy and the inquisition -- The conciliar movement -- The renaissance. aSEG42 aSEG41 aSEG40 aSEG39 aP94 aP87 aP86 aP85 aP77 aP76 aP3514aIglesiaxHistoriayEdad media, 590 - 1500.